Toutes les communes du Gers sur une carte - Statistiques

Statistiques générales
  • Ce quiz a été pris 433 fois
    262 depuis la dernière actualisation
  • Le résultat moyen est 55 sur 458
Réponses sur la Carte
Les réponses sont colorées sur une échelle allant du rouge au vert en fonction du pourcentage des utilisateurs qui les ont devinées à leur premier essai. Vous pouvez retrouver ces pourcentages ci-dessous.
 
Statistiques - réponses
Réponse Population (2021) % Correct
Auch 23 041
97%
Condom 6 466
87%
L'Isle-Arné 195
77%
L'Isle-Bouzon 245
77%
L'Isle-de-Noé 556
77%
L'Isle-Jourdain 9 324
77%
Mirande 3 454
68%
Vic-Fezensac 3 581
66%
Mont-d'Astarac 92
65%
Mont-de-Marrast 105
65%
Fleurance 6 012
63%
Lectoure 3 690
63%
Gimont 3 055
62%
Eauze (Éauze) 4 014
61%
Nogaro 2 161
59%
Pavie 2 510
49%
Samatan 2 429
46%
Lombez 2 143
45%
Mauvezin 2 239
45%
Castelnau-Barbarens 562
41%
Castelnau-d'Anglès 88
41%
Castelnau-d'Arbieu 228
41%
Castelnau-d'Auzan Labarrère 1 186
41%
Castelnau-sur-l'Auvignon 146
41%
Marciac 1 206
41%
Castéra-Lectourois 346
39%
Castéra-Verduzan 1 039
39%
Mas-d'Auvignon 170
37%
Riscle 1 702
36%
Aubiet 1 123
33%
Barcelonne-du-Gers 1 358
32%
Saint-Jean-le-Comtal 394
32%
Saint-Jean-Poutge 311
32%
Montréal 1 180
30%
Masseube 1 524
29%
Saint-Martin 450
28%
Saint-Martin-d'Armagnac 234
28%
Saint-Martin-de-Goyne 123
28%
Saint-Martin-Gimois 86
28%
Cazaubon 1 662
26%
Cologne 920
26%
Le Houga 1 170
26%
Preignan 1 222
26%
Valence-sur-Baïse 1 127
26%
Aignan 720
25%
Miélan 1 125
25%
Saint-Clar 1 048
25%
Gondrin 1 184
24%
Jegun 1 173
24%
Pujaudran 1 657
24%
Sainte-Christie 539
23%
Sainte-Christie-d'Armagnac 377
23%
Lanne-Soubiran 145
22%
La Romieu 555
22%
Seissan 1 099
22%
Lupiac 310
21%
Duran 853
20%
Manciet 775
20%
Plaisance 1 421
20%
Sainte-Marie 407
20%
Simorre 701
20%
Solomiac 493
20%
Dému 322
19%
Laas 314
19%
Monferran-Plavès 109
19%
Monferran-Savès 813
19%
Saramon 862
19%
Bassoues 327
18%
Fourcès 261
18%
Larressingle 211
18%
Monfort 509
18%
Ségoufielle 1 151
18%
Castillon-Debats 328
17%
Castillon-Massas 232
17%
Castillon-Savès 338
17%
Labastide-Savès 186
17%
Saint-Michel 242
17%
Beaumont 126
16%
Clermont-Pouyguillès 160
16%
Clermont-Savès 418
16%
Marsan 470
16%
Miramont-d'Astarac 349
16%
Miramont-Latour 148
16%
Saint-Mont 308
16%
Saint-Paul-de-Baïse 107
16%
Sarrant 361
16%
Villefranche-d'Astarac 153
16%
Caussens 584
15%
Pessan 673
15%
Saint-Puy 588
15%
Bretagne-d'Armagnac 391
14%
Jû-Belloc 287
14%
Lavardens 365
14%
Lias 761
14%
Lias-d'Armagnac 199
14%
Panjas 425
14%
Pouy-Loubrin 84
14%
Pouy-Roquelaure 117
14%
Saint-Pierre-d'Aubézies 58
14%
Barran 653
13%
Beaumarchés 669
13%
Ligardes 209
13%
Miradoux 535
13%
Mouchan 389
13%
Toujouse 294
13%
Cap-d'Astarac 480
12%
Cazaux-d'Anglès 113
12%
Cazaux-Savès 333
12%
Cazaux-Villecomtal 72
12%
Endoufielle 499
12%
Escornebœuf 568
12%
Lagarde 122
12%
Lagarde-Hachan 166
12%
Lalanne 131
12%
Lalanne-Arqué 148
12%
Larroque-Engalin 44
12%
Larroque-Saint-Sernin 162
12%
Larroque-sur-l'Osse 220
12%
Monbrun 416
12%
Montégut 616
12%
Montégut-Arros 281
12%
Montégut-Savès 67
12%
Montestruc-sur-Gers 700
12%
Ordan-Larroque 874
12%
Préchac 163
12%
Préchac-sur-Adour 192
12%
Roquelaure 568
12%
Roquelaure-Saint-Aubin 99
12%
Saint-André 127
12%
Saint-Élix-d'Astarac 181
12%
Saint-Élix-Theux 87
12%
Sainte-Mère 206
12%
Saint-Lary 276
12%
Saint-Orens 82
12%
Saint-Orens-Pouy-Petit 195
12%
Touget 507
12%
Tournecoupe 261
12%
Viella 516
12%
Auterive 527
11%
Biran 375
11%
Lahas 180
11%
Lannepax 521
11%
Magnan 232
11%
Marsolan 446
11%
Mirepoix 231
11%
Montesquiou 570
11%
Nougaroulet 381
11%
Puycasquier 436
11%
Villecomtal-sur-Arros 835
11%
Arblade-le-Bas 132
10%
Arblade-le-Haut 330
10%
Beaucaire 236
10%
Brugnens 254
10%
Cahuzac-sur-Adour 202
10%
Frégouville 349
10%
Homps 110
10%
Labarthe 146
10%
Marambat 428
10%
Panassac 285
10%
Pauilhac 606
10%
Roquefort 274
10%
Saint-Germé 504
10%
Saint-Maur 136
10%
Terraube 370
10%
Urdens 273
10%
Urgosse 238
10%
Auradé 678
9%
Bazian 108
9%
Castex 77
9%
Castex-d'Armagnac 134
9%
Caupenne-d'Armagnac 440
9%
Encausse 438
9%
Gimbrède 276
9%
Maumusson-Laguian 148
9%
Maurens 305
9%
Montaut 121
9%
Montaut-les-Créneaux 711
9%
Noilhan 394
9%
Sabazan 131
9%
Saint-Médard 343
9%
Sempesserre 304
9%
Sion 96
9%
Thoux 258
9%
Arrouède 87
8%
Aurensan 134
8%
Avezan 95
8%
Ayguetinte 156
8%
Beaupuy 210
8%
Belmont 150
8%
Berdoues 418
8%
Bézéril 114
8%
Bonas 126
8%
Bouzon-Gellenave 163
8%
Campagne-d'Armagnac 211
8%
Cassaigne 231
8%
Castet-Arrouy 174
8%
Chélan 171
8%
Courrensan 396
8%
Estang 666
8%
Faget-Abbatial 215
8%
Gazaupouy 253
8%
Giscaro 97
8%
Izotges 88
8%
Labéjan 293
8%
Lagraulet-du-Gers 562
8%
Lamothe-Goas 80
8%
La Sauvetat 413
8%
Lasseube-Propre 337
8%
Mauléon-d'Armagnac 263
8%
Monblanc 381
8%
Monlezun 164
8%
Monlezun-d'Armagnac 194
8%
Ornézan 213
8%
Perchède 111
8%
Peyrusse-Grande 150
8%
Peyrusse-Massas 110
8%
Peyrusse-Vieille 65
8%
Plieux 157
8%
Razengues 249
8%
Réans 282
8%
Réjaumont 246
8%
Roquebrune 209
8%
Saint-Antoine 186
8%
Sainte-Anne 126
8%
Saint-Mézard 242
8%
Saint-Sauvy 349
8%
Samaran 81
8%
Sansan 97
8%
Sarragachies 224
8%
Sère 78
8%
Termes-d'Armagnac 190
8%
Tournan 179
8%
Avéron-Bergelle 179
7%
Berrac 113
7%
Blanquefort 44
7%
Boucagnères 210
7%
Boulaur 187
7%
Caillavet 172
7%
Cézan 211
7%
Durban 137
7%
Laujuzan 286
7%
Lelin-Lapujolle 278
7%
Marestaing 341
7%
Orbessan 278
7%
Pergain-Taillac 335
7%
Polastron 276
7%
Préneron 120
7%
Sauveterre 286
7%
Tasque 245
7%
Tillac 280
7%
Viozan 101
7%
Ansan 76
6%
Aurimont 214
6%
Aussos 71
6%
Aux-Aussat 276
6%
Ayzieu 159
6%
Bajonnette 111
6%
Bars 126
6%
Bellegarde 162
6%
Béraut 292
6%
Bernède 192
6%
Bézues-Bajon 188
6%
Bivès 126
6%
Blaziert 129
6%
Bourrouillan 170
6%
Cadeilhan 141
6%
Castin 353
6%
Caumont 103
6%
Cazeneuve 163
6%
Céran 229
6%
Corneillan 158
6%
Esclassan-Labastide 342
6%
Estipouy 209
6%
Estramiac 131
6%
Flamarens 143
6%
Fustérouau 135
6%
Gée-Rivière 45
6%
Goutz 214
6%
Goux 62
6%
Idrac-Respaillès 215
6%
Labrihe 216
6%
Lagardère 78
6%
Lahitte 230
6%
Lannux 224
6%
Lauraët 249
6%
Leboulin 342
6%
Le Brouilh-Monbert 240
6%
Loubédat 105
6%
Loubersan 156
6%
Luppé-Violles 135
6%
Lussan 236
6%
Mansempuy 60
6%
Margouët-Meymes 154
6%
Maulichères 159
6%
Meilhan 76
6%
Monclar 223
6%
Monclar-sur-Losse 109
6%
Monguilhem 288
6%
Monlaur-Bernet 162
6%
Montiron 140
6%
Projan 182
6%
Puylausic 159
6%
Riguepeu 168
6%
Saint-Brès 72
6%
Saint-Créac 85
6%
Saint-Cricq 287
6%
Sainte-Radegonde 173
6%
Saint-Georges 190
6%
Saint-Germier 213
6%
Saint-Griède 143
6%
Saint-Léonard 186
6%
Saint-Ost 88
6%
Ségos 226
6%
Sérempuy 42
6%
Seysses-Savès 246
6%
Sorbets 210
6%
Taybosc 63
6%
Tourrenquets 106
6%
Tudelle 55
6%
Vergoignan 309
6%
Verlus 120
6%
Antras 43
5%
Ardizas 222
5%
Armous-et-Cau 93
5%
Augnax 120
5%
Avensac 75
5%
Bascous 171
5%
Bédéchan 134
5%
Bétous 72
5%
Bezolles 135
5%
Castelnavet 123
5%
Couloumé-Mondebat 200
5%
Courties 48
5%
Crastes 258
5%
Cravencères 91
5%
Duffort 140
5%
Espas 129
5%
Galiax 183
5%
Garravet 150
5%
Gaudonville 108
5%
Gaujac 73
5%
Gavarret-sur-Aulouste 139
5%
Gazax-et-Baccarisse 70
5%
Haulies 157
5%
Juilles 226
5%
Justian 112
5%
Labarthète 142
5%
Lannemaignan 106
5%
Larée 237
5%
Lartigue 198
5%
Lasserrade 184
5%
Maignaut-Tauzia 223
5%
Manent-Montané 90
5%
Mansencôme 44
5%
Maupas 199
5%
Mirannes 62
5%
Moncassin 125
5%
Moncorneil-Grazan 144
5%
Monties 80
5%
Montpezat 241
5%
Mormès 112
5%
Mourède 72
5%
Pellefigue 111
5%
Peyrecave 72
5%
Pis 100
5%
Pompiac 208
5%
Pouydraguin 126
5%
Roquepine 30
5%
Roques 108
5%
Rozès 113
5%
Saint-Antonin 154
5%
Saint-Arailles 139
5%
Saint-Avit-Frandat 97
5%
Saint-Caprais 143
5%
Sainte-Dode 219
5%
Saint-Justin 127
5%
Salles-d'Armagnac 129
5%
Tarsac 162
5%
Belloc-Saint-Clamens 138
4%
Cadeillan 71
4%
Catonvielle 101
4%
Cuélas 124
4%
Estampes 162
4%
Gaujan 116
4%
Laguian-Mazous 247
4%
Lasséran 356
4%
Laymont 224
4%
Lourties-Monbrun 162
4%
Maravat 43
4%
Marguestau 58
4%
Mascaras 62
4%
Mauroux 142
4%
Mérens 68
4%
Montamat 114
4%
Nizas 138
4%
Pébées 104
4%
Ponsan-Soubiran 76
4%
Puységur 73
4%
Sabaillan 151
4%
Saint-Arroman 129
4%
Saint-Aunix-Lengros 146
4%
Saint-Soulan 161
4%
Savignac-Mona 144
4%
Séailles 65
4%
Sirac 163
4%
Armentieux 72
3%
Aujan-Mournède 90
3%
Barcugnan 105
3%
Bazugues 59
3%
Beccas 121
3%
Betcave-Aguin 91
3%
Blousson-Sérian 36
3%
Castéron 52
3%
Espaon 186
3%
Haget 342
3%
Ladevèze-Rivière 222
3%
Ladevèze-Ville 214
3%
Lamaguère 79
3%
Lamazère 126
3%
Laveraët 104
3%
Loussous-Débat 70
3%
Magnas 59
3%
Malabat 100
3%
Manas-Bastanous 83
3%
Marseillan 84
3%
Mongausy 89
3%
Montadet 68
3%
Mouchès 76
3%
Noulens 102
3%
Pessoulens 138
3%
Ponsampère 101
3%
Pouylebon 148
3%
Ramouzens 179
3%
Sadeillan 84
3%
Saint-Christaud 62
3%
Sainte-Aurence-Cazaux 91
3%
Sainte-Gemme 115
3%
Saint-Lizier-du-Planté 148
3%
Saint-Loube 104
3%
Sarraguzan 88
3%
Sauvimont 67
3%
Scieurac-et-Flourès 42
3%
Sembouès 58
3%
Tachoires 108
3%
Tirent-Pontéjac 86
3%
Tourdun 134
3%
Traversères 70
3%
Troncens 169
3%
Betplan 98
2%
Callian 52
2%
Juillac 117
2%
Louslitges 60
2%
Monpardiac 41
2%
Pallanne 62
2%
Ricourt 49
2%
Sauviac 107
2%
Sémézies-Cachan 58
2%
Tieste-Uragnoux 152
2%
Aucun quiz correspondant
Distribution des résultats
% des personnes avec chaque résultat
Percentile par nombre de réponses
Votre historique - résultats
Vous n’avez pas pris ce quiz depuis la dernière actualisation